书目信息 |
| 题名: |
经济博弈论
|
|
| 作者: | 谢识予 编著 | |
| 分册: | ||
| 出版信息: | 上海 复旦大学出版社 2002 |
|
| 页数: | 393页 | |
| 开本: | 23cm | |
| 丛书名: | 复旦博学 | |
| 单 册: | ||
| 中图分类: | F224.32 | |
| 科图分类: | ||
| 主题词: | 对策论 , 对策论--应用--经济--高等学校 | |
| 电子资源: | ||
| ISBN: | 7-309-03055-9 | |
| 000 | 01054oam2 2200289 450 | |
| 001 | 030000000974 | |
| 005 | 20070701180454.39 | |
| 010 | @a7-309-03055-9@dCNY38.00 | |
| 100 | @a20030928e20032002ekmy0chiy0120 ea | |
| 101 | 0 | @achi |
| 102 | @aCN@b310000 | |
| 105 | @aak a 000yy | |
| 200 | 1 | @a经济博弈论@9jing ji bo yi lun@f谢识予编著@Fxie shi yu bian zhu |
| 205 | @a2版 | |
| 210 | @a上海@c复旦大学出版社@d2002@h2004 | |
| 215 | @a393页@c图@d23cm | |
| 225 | 2 | @a复旦博学@i经济学系列 |
| 300 | @a上海发展汽车工业教育基金会资助 | |
| 320 | @a有书目 | |
| 330 | @a本书的内容分八章。第一章导论介绍博弈论的基本概念;第二到第四章是博弈论的基础理论,分别介绍理想信息状态和完全理性假设下的静态、动态和重复博弈理论;第五章介绍有限理性假设下的博弈理论;第六章到第八章则分别介绍各种非理想信息条件下的静态和动态博弈论。 | |
| 462 | 0 | @12001 @a复旦博学@i经济学系列 |
| 606 | 0 | @a对策论 |
| 606 | 0 | @a对策论@x应用@x经济@x高等学校 |
| 690 | @aF224.32@v4 | |
| 701 | 0 | @a谢识予@Axie shi yu@4编著 |
| 801 | 0 | @aCN@bTSSF@c20070701 |
| 905 | @a10447@dF224.32@e155=2 | |
| 经济博弈论/谢识予编著.-2版.-上海:复旦大学出版社,2002(2004) |
| 393页:图;23cm.-(复旦博学.经济学系列) |
| 上海发展汽车工业教育基金会资助 |
| ISBN 7-309-03055-9:CNY38.00 |
| 本书的内容分八章。第一章导论介绍博弈论的基本概念;第二到第四章是博弈论的基础理论,分别介绍理想信息状态和完全理性假设下的静态、动态和重复博弈理论;第五章介绍有限理性假设下的博弈理论;第六章到第八章则分别介绍各种非理想信息条件下的静态和动态博弈论。 |
| ● |
| 相关链接 |
|
|
|
|
正题名:经济博弈论
索取号:F224.32/155=2
 
预约/预借
| 序号 | 登录号 | 条形码 | 馆藏地/架位号 | 状态 | 备注 |
| 1 | 0361699 | 3616992 | 第一样本阅览室/ [索取号:F224.32/155=2] | 在馆 | |
| 2 | 0361700 | 3617009 | 密集书库/ [索取号:F224.32/155=2] | 在馆 | |
| 3 | 0361701 | 3617018 | 第一借阅区/ [索取号:F224.32/155=2] | 在馆 | |
| 4 | 0361702 | 3617027 | 第一借阅区/ [索取号:F224.32/155=2] | 在馆 | |
| 5 | 0361703 | 3617036 | 第一借阅区/ [索取号:F224.32/155=2] | 在馆 | |
| 6 | 0372567 | 203725674 | 第一借阅区/ [索取号:F224.32/155=2] | 在馆 | |
| 7 | 0372568 | 203725683 | 密集书库/ [索取号:F224.32/155=2] | 在馆 | |
| 8 | 0372569 | 203725692 | 第一借阅区/ [索取号:F224.32/155=2] | 在馆 | |
| 9 | 0762911 | 207629119 | 密集书库/ [索取号:F224.32/155=2] | 在馆 | |
| 10 | 0762912 | 207629128 | 密集书库/ [索取号:F224.32/155=2] | 在馆 |